Introduction to mathematics for life scientists (Record no. 27633)

MARC details
000 -LEADER
fixed length control field 00308nam a2200121Ia 4500
082 ## - DEWEY DECIMAL CLASSIFICATION NUMBER
Classification number 051
Item number BAT
100 ## - MAIN ENTRY--AUTHOR NAME
Personal name Batschelet, E
245 #0 - TITLE STATEMENT
Title Introduction to mathematics for life scientists
250 ## - EDITION STATEMENT
Edition statement Ed.2
260 ## - PUBLICATION, DISTRIBUTION, ETC. (IMPRINT)
Place of publication Delhi
Name of publisher Narosa pub
Year of publication 1971
942 ## - ADDED ENTRY ELEMENTS (KOHA)
Koha item type Books
Holdings
Withdrawn status Lost status Damaged status Not for loan Home library Current library Date acquired Cost, normal purchase price Full call number Accession Number Koha item type
        RRII Library RRII Library 16/12/2021 55.00 051 BAT 08250 Books